¿ Qué paso, tío Sam?: los Estados Unidos y América Latina después del 11 de septiembre /
Guardado en:
| Hovedforfatter: | |
|---|---|
| Format: | Texto |
| Fag: | |
| Tags: |
Tilføj Tag
Ingen Tags, Vær først til at tagge denne postø!
|
MARC
| LEADER | 00000 a a2200000 04500 | ||
|---|---|---|---|
| 001 | 7682 | ||
| 003 | |||
| 040 | |||
| 100 | |a Heine, Jorge | ||
| 245 | |a ¿ Qué paso, tío Sam?: |b los Estados Unidos y América Latina después del 11 de septiembre / |c Jorge Heine | ||
| 650 | |a POLITICA EXTERIOR | ||
| 650 | |a CRISIS POLITICA | ||
| 650 | |a RELACIONES NORTE SUR | ||
| 650 | |a ACUERDOS INTERNACIONALES | ||
| 773 | |g volumen 35, número 138; páginas 89-105 | ||
| 999 | |c 21643 |d 21643 | ||
